000 01079nam0a22002891 4500
001 RU\NLR\INFOCOMM_190\5000068719
005 20250613100137.0
035 _a(NLR Aleph) 009329239
090 _a9443410
_c9443410
100 _a20101001d1979 |||y0rusy50 ca
101 0 _aspa
102 _aRU
105 _aa ||||000|y
200 1 _aEl pueblo y el ejército unidos
_fGuenadi Yeskov, Anatoli Gromakov
210 _aM.
_cEd. de la Agencia de prensa "Nóvosti"
_d1979
215 _a47 с., 8 л. ил.
_cил.
_d17 см
300 _aВ вып. дан.: Народ и армия едины / Геннадий Сергеевич Еськов, Анатолий Федорович Громаков
686 _aВ9-5 [Ц4, 6(2)]
_2rubbk
700 1 _9z01790
_aEs'kov
_bG. S.
_gGennadij Sergeevič
_4070
701 1 _9z02790
_aGromakov
_bA. F.
_gAnatolij Fedorovič
_4070
790 1 _9z01700
_aYeskov
_bG.
_gGuenadi
_4070
790 1 _9z02701
_aGromakov
_bA.
_gAnatoli
_4070
801 1 _aRU
_bNLR
_c20101001
801 0 _aRU
_bNLR
_gPSBO
852 _aNLR
_jВ41 Д-2/74
942 _cBOOK
980 _aNB